| 000 | 00707nam a2200217 i 4500 | ||
|---|---|---|---|
| 001 | 28459 | ||
| 003 | ES-MaACL | ||
| 005 | 20251012063041.0 | ||
| 007 | t| | ||
| 008 | 030117s1972 sp ||||1| spa d | ||
| 100 | 1 |
_aBaena, José María Ruiz de Arana y Bauer, _cDuque de _924585 |
|
| 245 | 1 | 3 |
_aEl rompecabezas holandés / _cJosé María Ruiz de Arana y Bauer, Duque de Baena. |
| 260 |
_aMadrid : _bRevista de Occidente, _c[1972] |
||
| 300 |
_a234 p. ; _c18 cm. |
||
| 490 | 1 |
_aSelecta ; _v46 |
|
| 650 | 4 |
_aHolandeses- _xPsicología. _9171912 |
|
| 651 | 4 |
_aHolanda- _xUsos y costumbres. _9171913 |
|
| 830 | 1 |
_aSelecta ; _v46 _9181890 |
|
| 852 |
_aES-MaACL _jC-50022 |
||
| 999 |
_c28459 _d28459 |
||